Statistics for Legend of Zelda: A Link to the Past - Items

Click here to take the quiz!

General Stats

  • This quiz has been taken 22 times
  • The average score is 29 of 48

Answer Stats

Answer % Correct
Master Sword
93%
Bow and Arrow
87%
Tempered Sword
80%
Bombs
80%
Boomerang
73%
Cane of Byrna
73%
Mirror Shield
73%
Red Mail
73%
Blue Mail
73%
Pendant of Power
73%
Pendant of Wisdom
73%
Pendant of Courage
73%
Fire Rod
67%
Bottle
67%
Ice Rod
67%
Quake Medallion
67%
Golden Sword
67%
Power Glove
67%
Green Medicine
67%
Blue Medicine
67%
Red Medicine
67%
Hero's Clothes
67%
Compass
60%
Magic Mirror
60%
Cane of Somaria
60%
Magic Cape
60%
Map
60%
Big Key
60%
Ether Medallion
60%
Magic Powder
60%
Bombos Medallion
60%
Titans Mitt
60%
Flute
53%
Hookshot
53%
Bug Catching Net
53%
Zora's Flippers
53%
Red Shield
53%
Shovel
53%
Magic Hammer
47%
Moon Pearl
47%
Mushroom
47%
Pegasus Boots
47%
Lantern
40%
Book of Mudora
27%
Fighter's Sword
27%
Fighter's Shield
27%
Crystals
20%
Magic Jar
13%

Score Distribution

Percentile by Number Answered

Percent of People with Each Score

Your Score History

You have not taken this quiz